[Event "2. Rethymno Open"]
[Site "Rethymno GRE"]
[Date "2010.07.16"]
[Round "5.3"]
[White "Zubarev, Alexander"]
[Black "Turov, Maxim"]
[Result "1/2-1/2"]
[WhiteElo "2562"]
[BlackElo "2628"]
[PlyCount "79"]
[EventDate "2010.07.13"]
[EventType "swiss"]
[EventRounds "9"]
[EventCountry "GRE"]
[Source "lmi"]
[SourceDate "2010.07.13"]

1. c4 Nf6 2. Nc3 d5 3. cxd5 Nxd5 4. g3 g6 5. Bg2 Nxc3 6. bxc3 Bg7 7. Rb1 Nd7 8.
Nf3 O-O 9. O-O Nb6 10. Qc2 Bd7 11. d3 Ba4 12. Qd2 c5 13. Ng5 h6 14. Ne4 Bc6 15.
c4 Na4 16. Qc2 Qd7 17. Bd2 f5 18. Nc3 Bxg2 19. Kxg2 Nxc3 20. Bxc3 Qc6+ 21. f3
b6 22. Bxg7 Kxg7 23. a4 Qf6 24. a5 Rad8 25. axb6 axb6 26. Qb2 Rd6 27. Qxf6+
Kxf6 28. Ra1 e5 29. Kf2 Re8 30. Ke3 Kg5 31. Ra7 e4 32. fxe4 fxe4 33. dxe4 Kh5
34. Rg7 g5 35. Rf5 Rde6 36. e5 Rxe5+ 37. Rxe5 Rxe5+ 38. Kf3 Rf5+ 39. Kg2 Re5
40. Kf3 1/2-1/2

[Event "2. Rethymno Open"]
[Site "Rethymno GRE"]
[Date "2010.07.16"]
[Round "5.4"]
[White "Iordachescu, Viorel"]
[Black "Werle, Jan"]
[Result "1-0"]
[WhiteElo "2623"]
[BlackElo "2585"]
[PlyCount "99"]
[EventDate "2010.07.13"]
[EventType "swiss"]
[EventRounds "9"]
[EventCountry "GRE"]
[Source "lmi"]
[SourceDate "2010.07.13"]

1. e4 e5 2. Nf3 Nc6 3. Bb5 a6 4. Ba4 Nf6 5. O-O Be7 6. Re1 b5 7. Bb3 d6 8. c3
O-O 9. h3 Na5 10. Bc2 c5 11. d4 Qc7 12. d5 Bd7 13. b3 Rfb8 14. Nh2 Nb7 15. f4
exf4 16. Bxf4 Re8 17. Nd2 g6 18. g4 h5 19. Qf3 hxg4 20. hxg4 Nh7 21. Kg2 Bf6
22. Rh1 Qa5 23. Qh3 Qxc3 24. Nhf3 Nf8 25. Rac1 Qb2 26. Bb1 Bg7 27. Rc2 Qf6 28.
Bg5 Qa1 29. a4 Re5 30. Nxe5 Qxe5 31. Nf3 Qxe4 32. Kg3 f5 33. Rf2 Qxg4+ 34. Qxg4
fxg4 35. Nh4 Be5+ 36. Kg2 Be8 37. Rhf1 Nh7 38. Bh6 Bd4 39. Re2 Nf6 40. Re7 Bf7
41. Rxf7 Kxf7 42. Bxg6+ Kg8 43. Nf5 Nxd5 44. Nxd4 cxd4 45. Bf7+ Kh7 46. Rh1
Nf4+ 47. Bxf4+ Kg7 48. Bd5 Rb8 49. axb5 axb5 50. b4 1-0

[Event "2. Rethymno Open"]
[Site "Rethymno GRE"]
[Date "2010.07.16"]
[Round "5.5"]
[White "Kharitonov, Alexandr"]
[Black "David, Alberto"]
[Result "1-0"]
[WhiteElo "2548"]
[BlackElo "2622"]
[PlyCount "105"]
[EventDate "2010.07.13"]
[EventType "swiss"]
[EventRounds "9"]
[EventCountry "GRE"]
[Source "lmi"]
[SourceDate "2010.07.13"]

1. d4 Nf6 2. c4 e6 3. Nc3 Bb4 4. e3 O-O 5. Bd3 d5 6. Nge2 c5 7. cxd5 cxd4 8.
exd4 Nxd5 9. O-O Nc6 10. Nxd5 exd5 11. Nf4 Bd6 12. Re1 Nb4 13. Bb1 Qf6 14. Nxd5
Nxd5 15. Qh5 h6 16. Qxd5 Bd7 17. Be3 Rfd8 18. Bd3 Bc6 19. Qf5 Qxf5 20. Bxf5 Bc7
21. Red1 Bb6 22. a4 Ba5 23. Bg4 Bd5 24. Bf3 Bxf3 25. gxf3 Rd5 26. Rab1 Rad8 27.
Rd3 Rf5 28. d5 Rxf3 29. Kg2 Rf5 30. Bxa7 Rfxd5 31. Rxd5 Rxd5 32. b4 Rg5+ 33.
Kf1 Bc7 34. h3 Rh5 35. Rb3 Rh4 36. a5 Bd6 37. b5 Ra4 38. a6 bxa6 39. b6 Bc5 40.
Bb8 a5 41. b7 Rb4 42. Rxb4 axb4 43. Bg3 Ba7 44. Ke2 Kf8 45. Kd3 Ke7 46. Kc4 Kd7
47. f3 g5 48. Kxb4 f5 49. b8=Q Bxb8 50. Bxb8 f4 51. Kc4 Ke6 52. Kd3 Kf5 53. Ke2
1-0

[Event "2. Rethymno Open"]
[Site "Rethymno GRE"]
[Date "2010.07.16"]
[Round "5.8"]
[White "Kryvoruchko, Yuriy"]
[Black "Maiorov, Nikita"]
[Result "1-0"]
[WhiteElo "2609"]
[BlackElo "2532"]
[PlyCount "99"]
[EventDate "2010.07.13"]
[EventType "swiss"]
[EventRounds "9"]
[EventCountry "GRE"]
[Source "lmi"]
[SourceDate "2010.07.13"]

1. e4 e5 2. Nf3 Nc6 3. Bb5 a6 4. Ba4 Nf6 5. O-O Be7 6. Re1 d6 7. c3 Bg4 8. d3
Nd7 9. Nbd2 Nc5 10. Bxc6+ bxc6 11. h3 Bd7 12. Nc4 O-O 13. d4 exd4 14. cxd4 Nb7
15. Bf4 Qc8 16. Rc1 Qb8 17. Qd2 Nd8 18. d5 cxd5 19. exd5 Bf6 20. Bg5 Bxg5 21.
Nxg5 h6 22. Re7 Bf5 23. Nf3 Ra7 24. Qe3 Rb7 25. Nd4 Bg6 26. b3 Qa7 27. Nc6 Qxe3
28. Nxe3 f5 29. Rd7 Nf7 30. Ne7+ Kh7 31. f4 Rb4 32. Rc4 a5 33. Rdxc7 Rfb8 34.
g4 a4 35. Nxg6 Rxc4 36. bxc4 Kxg6 37. gxf5+ Kf6 38. Ng4+ Kxf5 39. Rxf7+ Ke4 40.
Rxg7 Rb1+ 41. Kg2 Rb2+ 42. Kg3 Rxa2 43. Re7+ Kd4 44. f5 Ra3+ 45. Kf4 Ra1 46. f6
Rf1+ 47. Kg3 Rf5 48. Ra7 h5 49. Nh2 Kxc4 50. Rxa4+ 1-0

[Event "2. Rethymno Open"]
[Site "Rethymno GRE"]
[Date "2010.07.16"]
[Round "5.11"]
[White "Lorscheid, Gerhard"]
[Black "Zinchenko, Yaroslav"]
[Result "0-1"]
[WhiteElo "2326"]
[BlackElo "2544"]
[PlyCount "66"]
[EventDate "2010.07.13"]
[EventType "swiss"]
[EventRounds "9"]
[EventCountry "GRE"]
[Source "lmi"]
[SourceDate "2010.07.13"]

1. d4 Nf6 2. c4 e6 3. Nc3 Bb4 4. Qc2 d5 5. cxd5 exd5 6. Bg5 c5 7. Nf3 h6 8.
Bxf6 Qxf6 9. a3 Bf5 10. Qa4+ Bd7 11. Qb3 Bxc3+ 12. Qxc3 O-O 13. e3 Rc8 14. Be2
c4 15. Ne5 Bf5 16. Bf3 Qd8 17. g4 Be4 18. Bxe4 dxe4 19. Qb4 Qd5 20. Rc1 a5 21.
Qd2 b5 22. Qe2 Nc6 23. f4 Nxe5 24. fxe5 b4 25. O-O c3 26. axb4 axb4 27. bxc3
Ra2 28. c4 Rxe2 29. cxd5 Rxc1 30. Rxc1 b3 31. e6 b2 32. Rc8+ Kh7 33. Rb8 fxe6
0-1

[Event "2. Rethymno Open"]
[Site "Rethymno GRE"]
[Date "2010.07.16"]
[Round "5.12"]
[White "Tukhaev, Adam"]
[Black "Tchantcev, Chaliko"]
[Result "1-0"]
[WhiteElo "2518"]
[BlackElo "2284"]
[PlyCount "105"]
[EventDate "2010.07.13"]
[EventType "swiss"]
[EventRounds "9"]
[EventCountry "GRE"]
[Source "lmi"]
[SourceDate "2010.07.13"]

1. e4 c5 2. Nf3 Nc6 3. d4 cxd4 4. Nxd4 g6 5. c4 Bg7 6. Be3 Nf6 7. Nc3 Ng4 8.
Qxg4 Nxd4 9. Qd1 Ne6 10. Rc1 O-O 11. Bd3 b6 12. O-O Bb7 13. b4 d6 14. Qd2 Kh8
15. Nd5 Nd4 16. Bg5 f6 17. Be3 Nc6 18. Bb1 Ne5 19. Nf4 Qd7 20. f3 Rac8 21. Qe2
g5 22. Nh5 Ba6 23. b5 Bb7 24. a4 Qe6 25. Ba2 Rc5 26. Bxc5 dxc5 27. Rcd1 Qf7 28.
Ng3 e6 29. Rd6 Rg8 30. Qd1 Bf8 31. Rd8 Qc7 32. Qd2 Be7 33. Rxg8+ Kxg8 34. f4
gxf4 35. Qxf4 Qd8 36. Nh5 Qd4+ 37. Kh1 Bxe4 38. Qh6 Kf7 39. Nxf6 Bf5 40. Nd5
Ke8 41. Nxe7 Ng4 42. Qf4 Qxf4 43. Rxf4 Kxe7 44. h3 Ne5 45. Bb3 Bg6 46. Kg1 Nf7
47. Rf2 Bd3 48. Bc2 Bxc4 49. Bxh7 Nd6 50. h4 Bb3 51. h5 Bxa4 52. Bg6 Nf5 53. g4
1-0

[Event "2. Rethymno Open"]
[Site "Rethymno GRE"]
[Date "2010.07.16"]
[Round "5.13"]
[White "Haugli, Petter"]
[Black "Pap, Misa"]
[Result "0-1"]
[WhiteElo "2301"]
[BlackElo "2509"]
[PlyCount "178"]
[EventDate "2010.07.13"]
[EventType "swiss"]
[EventRounds "9"]
[EventCountry "GRE"]
[Source "lmi"]
[SourceDate "2010.07.13"]

1. d4 Nf6 2. c4 c5 3. d5 b5 4. cxb5 a6 5. bxa6 Bxa6 6. Nc3 d6 7. e4 Bxf1 8.
Kxf1 g6 9. Nf3 Bg7 10. g3 Nbd7 11. Kg2 O-O 12. Re1 Ng4 13. Nd2 Nge5 14. Qe2 Nb6
15. a4 c4 16. Rd1 Qc8 17. a5 Qc5 18. Nb3 Qb4 19. Nd4 Nc8 20. f4 Nd3 21. Nc6 Qb7
22. Ra4 Bxc3 23. bxc3 Qb3 24. Ra2 Re8 25. Qc2 Na7 26. Nd4 Qxc2+ 27. Rxc2 Reb8
28. Be3 Nb5 29. Nc6 Re8 30. Nb4 Rxa5 31. Nxd3 cxd3 32. Rxd3 Ra3 33. Rb2 Rxc3
34. Rxc3 Nxc3 35. Kf3 f5 36. exf5 gxf5 37. Rd2 Rb8 38. Rd3 Rc8 39. h3 h5 40. g4
hxg4+ 41. hxg4 fxg4+ 42. Kxg4 Kf7 43. Kf5 Rc4 44. Kg4 Rc8 45. Kf3 Rc4 46. Bd2
Ne4 47. Be1 Kf8 48. Bh4 Nc3 49. Be1 Nb5 50. Bf2 Kf7 51. Kg4 Rb4 52. Kf3 Nc7 53.
Be1 Ra4 54. Bd2 Kg6 55. Kg4 Kf7 56. Kf3 Kf6 57. Kg4 Kg6 58. Be1 Ra1 59. Bh4 Kf7
60. Kf3 Rh1 61. Bg3 Ne8 62. Kg2 Rh5 63. Kf3 Nf6 64. Rd2 Nxd5 65. Kg4 Nf6+ 66.
Kf3 Rf5 67. Ke3 Ke6 68. Re2 Kd7 69. Rb2 Ra5 70. Rb3 Ke6 71. Kf3 Kf5 72. Bh4 Nd5
73. Rb7 Ra3+ 74. Kf2 e6 75. Be7 Ra6 76. Rd7 Nc3 77. Ke3 Ne4 78. Bf8 d5 79. Rf7+
Kg6 80. Rg7+ Kf6 81. Rd7 Rb6 82. Bg7+ Kf5 83. Be5 Rb3+ 84. Ke2 Nc5 85. Rf7+ Ke4
86. Bd6 Rb2+ 87. Kf1 Kf3 88. Ke1 Nd3+ 89. Kd1 Ke3 0-1

[Event "2. Rethymno Open"]
[Site "Rethymno GRE"]
[Date "2010.07.16"]
[Round "5.14"]
[White "Orlov, Andrey"]
[Black "Townsend, M Paul"]
[Result "1-0"]
[WhiteElo "2502"]
[BlackElo "2246"]
[PlyCount "85"]
[EventDate "2010.07.13"]
[EventType "swiss"]
[EventRounds "9"]
[EventCountry "GRE"]
[Source "lmi"]
[SourceDate "2010.07.13"]

1. e4 e6 2. d4 d5 3. e5 c5 4. c3 Nc6 5. Nf3 Bd7 6. a3 f6 7. Bd3 fxe5 8. dxe5
Qc7 9. Qe2 Nh6 10. O-O Nf7 11. Re1 c4 12. Bc2 O-O-O 13. b4 cxb3 14. Bxb3 Kb8
15. a4 Na5 16. Bc2 Rc8 17. Bf4 Bc5 18. Bd3 Bb6 19. Ra2 Ka8 20. h4 h6 21. h5
Rhf8 22. Bg3 Nd8 23. Nh4 Ndc6 24. Ng6 Rf7 25. Bh4 d4 26. Rc2 Nb3 27. Na3 Bc5
28. Nb5 Qb8 29. Rb1 Nba5 30. Be4 dxc3 31. Rxc3 Nd4 32. Qd1 Bxb5 33. axb5 Bb6
34. Rd3 Nf5 35. Bxf5 Rxf5 36. Ne7 Rff8 37. Nxc8 Rxc8 38. Rc1 Re8 39. Rdc3 a6
40. Qd7 Ka7 41. bxa6 Kxa6 42. Qd3+ Ka7 43. Qb5 1-0

[Event "2. Rethymno Open"]
[Site "Rethymno GRE"]
[Date "2010.07.16"]
[Round "5.15"]
[White "Rombaldoni, Denis"]
[Black "Chulivska, Vita"]
[Result "1-0"]
[WhiteElo "2493"]
[BlackElo "2231"]
[PlyCount "67"]
[EventDate "2010.07.13"]
[EventType "swiss"]
[EventRounds "9"]
[EventCountry "GRE"]
[Source "lmi"]
[SourceDate "2010.07.13"]

1. c4 c5 2. Nf3 Nc6 3. Nc3 e5 4. g3 g6 5. Bg2 Bg7 6. O-O Nge7 7. Ne1 O-O 8. Nc2
d6 9. Ne3 Be6 10. d3 Qd7 11. Ned5 Bh3 12. Rb1 Bxg2 13. Kxg2 f5 14. a3 f4 15. b4
g5 16. Ne4 cxb4 17. Nxg5 bxa3 18. Bxa3 Nxd5 19. cxd5 Nd4 20. f3 Nf5 21. Bc1 Bh6
22. gxf4 exf4 23. Ne6 Rf6 24. Kh1 Ne7 25. Rg1+ Kf7 26. Qb3 b6 27. Rg4 Rg8 28.
Rxg8 Kxg8 29. Bb2 Rf5 30. Rg1+ Kf7 31. Rc1 Rh5 32. Rc7 Qe8 33. Qc4 Qg8 34. Qe4
1-0

[Event "2. Rethymno Open"]
[Site "Rethymno GRE"]
[Date "2010.07.16"]
[Round "5.16"]
[White "Bensdorp, Marlies"]
[Black "Hovhanisian, Mher"]
[Result "0-1"]
[WhiteElo "2301"]
[BlackElo "2479"]
[PlyCount "86"]
[EventDate "2010.07.13"]
[EventType "swiss"]
[EventRounds "9"]
[EventCountry "GRE"]
[Source "lmi"]
[SourceDate "2010.07.13"]

1. d4 c5 2. d5 g6 3. c4 Bg7 4. e4 d6 5. Bd3 Nf6 6. Nc3 O-O 7. h3 a6 8. a4 e5 9.
Nge2 Nbd7 10. O-O Nh5 11. Be3 f5 12. exf5 gxf5 13. Ng3 Nxg3 14. fxg3 e4 15. Bc2
Ne5 16. Qe2 Bd7 17. Rae1 Qb6 18. Nd1 Qb4 19. b3 b5 20. Bd2 Qa3 21. axb5 axb5
22. cxb5 Rab8 23. Qh5 c4 24. bxc4 Nxc4 25. Bf4 Rxb5 26. Kh1 Qc5 27. Bh6 Be8 28.
Qg5 Bg6 29. Bxg7 Kxg7 30. g4 h6 31. Qf4 Rbb8 32. Qg3 fxg4 33. Qxg4 Ne5 34. Qe2
Rxf1+ 35. Rxf1 Qxd5 36. Nc3 Qc4 37. Qxc4 Nxc4 38. Bxe4 Nd2 39. Rd1 Nxe4 40.
Nxe4 Bxe4 41. Rxd6 Rb2 42. Rd4 Bxg2+ 43. Kh2 Bf1+ 0-1

[Event "2. Rethymno Open"]
[Site "Rethymno GRE"]
[Date "2010.07.16"]
[Round "5.18"]
[White "Vakhania, Alexandra"]
[Black "Smirnov, Artem"]
[Result "0-1"]
[WhiteElo "2199"]
[BlackElo "2446"]
[PlyCount "46"]
[EventDate "2010.07.13"]
[EventType "swiss"]
[EventRounds "9"]
[EventCountry "GRE"]
[Source "lmi"]
[SourceDate "2010.07.13"]

1. c4 Nf6 2. g3 e5 3. Bg2 Nc6 4. Nc3 Bb4 5. Nd5 Bc5 6. d3 Nxd5 7. cxd5 Ne7 8.
e4 c6 9. Ne2 cxd5 10. exd5 d6 11. O-O O-O 12. d4 exd4 13. Nxd4 Ng6 14. b3 Ne5
15. Bb2 Bg4 16. f3 Bd7 17. h3 Bb5 18. Kh1 Bxf1 19. Bxf1 Qf6 20. Be2 Qg6 21. Kh2
Rac8 22. f4 Bxd4 23. Bxd4 Rc2 0-1

[Event "2. Rethymno Open"]
[Site "Rethymno GRE"]
[Date "2010.07.16"]
[Round "5.19"]
[White "Bomans, Arno"]
[Black "Richter, Michael"]
[Result "1/2-1/2"]
[WhiteElo "2190"]
[BlackElo "2428"]
[PlyCount "72"]
[EventDate "2010.07.13"]
[EventType "swiss"]
[EventRounds "9"]
[EventCountry "GRE"]
[Source "lmi"]
[SourceDate "2010.07.13"]

1. d4 d5 2. c4 c6 3. Nf3 Nf6 4. Nc3 e6 5. Bg5 dxc4 6. e4 b5 7. e5 h6 8. Bh4 g5
9. Nxg5 hxg5 10. Bxg5 Nbd7 11. exf6 Bb7 12. g3 c5 13. d5 Nxf6 14. dxe6 Be7 15.
Rg1 Qb6 16. exf7+ Kf8 17. Bg2 Rxh2 18. Bxb7 Qxb7 19. Bxf6 Bxf6 20. Qd6+ Qe7+
21. Qxe7+ Kxe7 22. Nd5+ Kxf7 23. Nxf6 Kxf6 24. O-O-O Rxf2 25. g4 Rh8 26. g5+
Ke5 27. Rge1+ Kf4 28. g6 Rg2 29. Rf1+ Kg5 30. g7 Rg8 31. Rd5+ Kh6 32. Rxc5 a6
33. Rc6+ Kxg7 34. Rxa6 Re8 35. Rb6 Re5 36. Rd1 Kf7 1/2-1/2

[Event "2. Rethymno Open"]
[Site "Rethymno GRE"]
[Date "2010.07.16"]
[Round "5.21"]
[White "Breier, Andreas"]
[Black "Hristodoulou, Panagiotis"]
[Result "1-0"]
[WhiteElo "2399"]
[BlackElo "2149"]
[PlyCount "97"]
[EventDate "2010.07.13"]
[EventType "swiss"]
[EventRounds "9"]
[EventCountry "GRE"]
[Source "lmi"]
[SourceDate "2010.07.13"]

1. e4 Nf6 2. e5 Nd5 3. c4 Nb6 4. d4 d6 5. exd6 exd6 6. Nc3 Nc6 7. Be3 Be7 8. d5
Ne5 9. Be2 O-O 10. b3 Re8 11. Rc1 Bf5 12. Qd2 Nbd7 13. Nf3 Nxf3+ 14. Bxf3 Bg5
15. Nd1 Bxe3 16. Nxe3 a5 17. O-O Qg5 18. Qd4 Nc5 19. h4 Qg6 20. Qf4 Be4 21. h5
Nd3 22. Qh4 Qf6 23. Qxf6 gxf6 24. Bxe4 Nxc1 25. f3 Nxa2 26. Ng4 Re7 27. h6 a4
28. Nxf6+ Kh8 29. bxa4 Rxa4 30. Rb1 Nb4 31. Kh2 b6 32. Kg3 Na6 33. Rh1 Nc5 34.
Bf5 Ra8 35. Rh5 Rg8+ 36. Nxg8 Kxg8 37. Rg5+ Kh8 38. Rg7 Nb3 39. Rxh7+ Kg8 40.
Rg7+ Kh8 41. Kf4 Nd4 42. Kg5 c6 43. Be4 cxd5 44. cxd5 b5 45. Kf6 Rb7 46. Rxf7
Rb8 47. g4 b4 48. g5 b3 49. g6 1-0

[Event "2. Rethymno Open"]
[Site "Rethymno GRE"]
[Date "2010.07.16"]
[Round "5.22"]
[White "Altukhov, Yriu"]
[Black "Turova, Irina"]
[Result "1/2-1/2"]
[WhiteElo "2066"]
[BlackElo "2394"]
[PlyCount "70"]
[EventDate "2010.07.13"]
[EventType "swiss"]
[EventRounds "9"]
[EventCountry "GRE"]
[Source "lmi"]
[SourceDate "2010.07.13"]

1. d4 Nf6 2. c4 e6 3. Nc3 Bb4 4. e3 b6 5. Bd3 Bb7 6. Nf3 Ne4 7. Qc2 f5 8. a3
Bxc3+ 9. bxc3 O-O 10. O-O d6 11. Nd2 Nxd2 12. Bxd2 Nd7 13. e4 fxe4 14. Bxe4
Bxe4 15. Qxe4 e5 16. Rae1 a5 17. f4 exf4 18. Bxf4 Kh8 19. Qc6 h6 20. Bg3 Rc8
21. Rxf8+ Nxf8 22. c5 dxc5 23. dxc5 Qd7 24. Qxd7 Nxd7 25. Re7 Nxc5 26. Be5 Nd3
27. Rxc7 Re8 28. Bxg7+ Kg8 29. h3 Re1+ 30. Kh2 Ra1 31. Bd4 Rxa3 32. Bxb6 a4 33.
c4 Rb3 34. Bd4 Rb4 35. Bc3 Rb3 1/2-1/2

[Event "2. Rethymno Open"]
[Site "Rethymno GRE"]
[Date "2010.07.16"]
[Round "5.23"]
[White "Bellia, Fabrizio"]
[Black "Karagiannis, Thomas Aristotelis"]
[Result "1-0"]
[WhiteElo "2376"]
[BlackElo "1680"]
[PlyCount "43"]
[EventDate "2010.07.13"]
[EventType "swiss"]
[EventRounds "9"]
[EventCountry "GRE"]
[Source "lmi"]
[SourceDate "2010.07.13"]

1. e4 d5 2. exd5 Qxd5 3. Nc3 Qa5 4. d4 c6 5. Nf3 Bf5 6. Bc4 Nf6 7. Bd2 e6 8.
Nd5 Qd8 9. Nxf6+ Qxf6 10. Qe2 Bg4 11. O-O-O Bxf3 12. gxf3 Nd7 13. d5 cxd5 14.
Bxd5 O-O-O 15. Be4 Qe5 16. f4 Qc7 17. f5 exf5 18. Bxf5 g6 19. Bh3 f5 20. Bg5
Be7 21. Qxe7 Rde8 22. Qd6 1-0

[Event "2. Rethymno Open"]
[Site "Rethymno GRE"]
[Date "2010.07.16"]
[Round "5.24"]
[White "Filip, Lucian"]
[Black "Herbold, Manfred"]
[Result "1-0"]
[WhiteElo "2470"]
[BlackElo "2172"]
[PlyCount "55"]
[EventDate "2010.07.13"]
[EventType "swiss"]
[EventRounds "9"]
[EventCountry "GRE"]
[Source "lmi"]
[SourceDate "2010.07.13"]

1. Nf3 Nc6 2. d4 d5 3. c4 Bg4 4. Nc3 Bxf3 5. gxf3 dxc4 6. d5 Na5 7. Qa4+ c6 8.
b4 b5 9. Nxb5 cxb5 10. Qxb5+ Qd7 11. Qxd7+ Kxd7 12. bxa5 e6 13. dxe6+ fxe6 14.
Rb1 Ne7 15. e4 Nc6 16. Bxc4 Bb4+ 17. Kf1 Rab8 18. Kg2 Nxa5 19. Rd1+ Ke7 20.
Bg5+ Kf7 21. Rd7+ Kg6 22. Bf4 Bd6 23. Rxd6 Rxb1 24. Rxe6+ Kf7 25. Bd5 Rb5 26.
Ra6+ Ke7 27. Rxa7+ Kf6 28. Bd2 1-0

[Event "2. Rethymno Open"]
[Site "Rethymno GRE"]
[Date "2010.07.16"]
[Round "5.26"]
[White "D`costa, Lorin A R"]
[Black "Ruiz C, Joshua D"]
[Result "1-0"]
[WhiteElo "2456"]
[BlackElo "2096"]
[PlyCount "111"]
[EventDate "2010.07.13"]
[EventType "swiss"]
[EventRounds "9"]
[EventCountry "GRE"]
[Source "lmi"]
[SourceDate "2010.07.13"]

1. d4 d5 2. c4 e6 3. Nf3 Nf6 4. g3 c6 5. Bg2 Bb4+ 6. Bd2 Qa5 7. O-O dxc4 8. Ne5
Bxd2 9. Nxc4 Qc7 10. Qxd2 O-O 11. b4 Nbd7 12. Qb2 Rd8 13. Nbd2 Nd5 14. Rfc1
N7b6 15. Na5 Qd6 16. a3 Nf6 17. e3 Rb8 18. Rc2 Re8 19. h3 h6 20. Re1 Bd7 21. f4
Qe7 22. Ndb3 Na4 23. Qc1 Rec8 24. e4 Rc7 25. Kh2 Rbc8 26. Qd2 Be8 27. Qf2 Qf8
28. Nc4 Nb6 29. Ne3 Nfd7 30. g4 Na4 31. e5 Ndb6 32. g5 h5 33. f5 g6 34. f6 Rd8
35. Bf3 Rcd7 36. Qh4 Nd5 37. Ng4 Nxb4 38. axb4 Qxb4 39. Re3 c5 40. dxc5 Kh7 41.
Be4 Kh8 42. Nf2 Rc8 43. Qg3 Rcc7 44. Rd3 Nxc5 45. Nxc5 Rxc5 46. Rxc5 Qxc5 47.
Rc3 Qa5 48. Rc8 Rd8 49. Rxd8 Qxd8 50. Qa3 Bc6 51. Qe7 Qb8 52. Qd6 Qc8 53. Bxg6
fxg6 54. Qe7 Qd7 55. Qf8+ Kh7 56. f7 1-0

[Event "2. Rethymno Open"]
[Site "Rethymno GRE"]
[Date "2010.07.16"]
[Round "5.28"]
[White "Khoo, Selina"]
[Black "Kekki, Petri"]
[Result "0-1"]
[WhiteElo "1978"]
[BlackElo "2371"]
[PlyCount "66"]
[EventDate "2010.07.13"]
[EventType "swiss"]
[EventRounds "9"]
[EventCountry "GRE"]
[Source "lmi"]
[SourceDate "2010.07.13"]

1. e4 e6 2. d4 d5 3. Nd2 f5 4. exf5 exf5 5. Bd3 Nf6 6. Ngf3 Bd6 7. O-O O-O 8.
Re1 Ne4 9. c4 c6 10. Qb3 Kh8 11. Nf1 Na6 12. cxd5 cxd5 13. Ne3 Nb4 14. Bb1 Be6
15. a3 Nc6 16. Qxb7 Na5 17. Qb5 Rb8 18. Qf1 Nb3 19. Ra2 Qf6 20. Rd1 Rfc8 21.
Bc2 f4 22. Qd3 Nxc1 23. Rxc1 fxe3 24. fxe3 Bf5 25. Qe2 Qg6 26. Ne1 Qh6 27. Nf3
Ng5 28. b4 Bg4 29. h4 Bxf3 30. gxf3 Qxh4 31. Qg2 Nxf3+ 32. Qxf3 Qh2+ 33. Kf1
Rf8 0-1

[Event "2. Rethymno Open"]
[Site "Rethymno GRE"]
[Date "2010.07.16"]
[Round "5.29"]
[White "Poobalasingam, Peter S"]
[Black "Stray, Gunnar"]
[Result "1-0"]
[WhiteElo "2326"]
[BlackElo "2055"]
[PlyCount "129"]
[EventDate "2010.07.13"]
[EventType "swiss"]
[EventRounds "9"]
[EventCountry "GRE"]
[Source "lmi"]
[SourceDate "2010.07.13"]

1. d4 f5 2. Nf3 Nf6 3. g3 e6 4. Bg2 d5 5. O-O c6 6. c4 Bd6 7. Nc3 O-O 8. Qc2
Ne4 9. Rb1 Nd7 10. b4 Ndf6 11. c5 Bc7 12. Bf4 Bxf4 13. gxf4 Qc7 14. e3 Bd7 15.
a4 Nxc3 16. Qxc3 Be8 17. Qc2 Bh5 18. Ne5 Nd7 19. Nd3 Rae8 20. Kh1 Rf6 21. f3
Rh6 22. Nf2 Qd8 23. Nh3 Re7 24. b5 Nb8 25. Qd2 Be8 26. Rb2 Bd7 27. Rfb1 Bc8 28.
Bf1 Rf6 29. Nf2 Rf8 30. Nd3 a6 31. Ne5 axb5 32. axb5 Qc7 33. Nd3 cxb5 34. Rxb5
Nc6 35. Rb6 Qd8 36. Ne1 Rc7 37. Nc2 Qh4 38. Na3 Qh5 39. Nb5 Re7 40. Qf2 Na5 41.
Nd6 Nc6 42. Ra1 Rc7 43. Be2 Nd8 44. Rg1 Bd7 45. Qg3 Qh6 46. Bb5 Bc6 47. Bxc6
bxc6 48. Rb8 Qf6 49. Ra1 Qe7 50. Qg5 h6 51. Qxe7 Rxe7 52. Raa8 Rd7 53. Kg2 g6
54. Nc8 Rb7 55. Rxb7 Nxb7 56. Ne7+ Kf7 57. Rxf8+ Kxf8 58. Nxc6 Ke8 59. h4 h5
60. Kf2 Kd7 61. Ne5+ Kc7 62. Nxg6 Kd8 63. Ne5 Kc7 64. Nf7 Na5 65. Nh6 1-0

[Event "2. Rethymno Open"]
[Site "Rethymno GRE"]
[Date "2010.07.17"]
[Round "6.2"]
[White "Svetushkin, Dmitry"]
[Black "Postny, Evgeny"]
[Result "1/2-1/2"]
[WhiteElo "2560"]
[BlackElo "2577"]
[PlyCount "108"]
[EventDate "2010.07.13"]
[EventType "swiss"]
[EventRounds "9"]
[EventCountry "GRE"]
[Source "lmi"]
[SourceDate "2010.07.13"]

1. e4 e5 2. Nf3 Nc6 3. Bb5 a6 4. Ba4 Nf6 5. O-O Be7 6. Re1 b5 7. Bb3 d6 8. c3
O-O 9. h3 Na5 10. Bc2 c5 11. d4 Nd7 12. d5 Nc4 13. a4 Ncb6 14. Nbd2 Nxa4 15.
Bxa4 bxa4 16. Nc4 Nb6 17. Nxb6 Qxb6 18. Qxa4 f5 19. exf5 Bxf5 20. Nd2 Qb5 21.
Nc4 Bd3 22. Na5 Bd8 23. Nc6 Qxa4 24. Rxa4 Bb5 25. Ra3 Bxc6 26. dxc6 Bc7 27. b4
cxb4 28. cxb4 a5 29. bxa5 Rxa5 30. Rxa5 Bxa5 31. Rd1 Bc7 32. f4 exf4 33. Kf2
Rf5 34. Ba3 Rf6 35. Bb2 Rf5 36. Ba3 d5 37. Bb2 Kf7 38. Bd4 Kg6 39. Re1 Rf7 40.
Kf3 Kf5 41. Re8 g5 42. Ke2 h5 43. Kd3 g4 44. Rh8 Kg5 45. hxg4 hxg4 46. Rg8+ Kf5
47. Rh8 f3 48. gxf3 gxf3 49. Rh5+ Kg6 50. Rxd5 f2 51. Bxf2 Rxf2 52. Rd7 Ba5 53.
Ra7 Bb6 54. c7 Bxc7 1/2-1/2

[Event "2. Rethymno Open"]
[Site "Rethymno GRE"]
[Date "2010.07.17"]
[Round "6.3"]
[White "Turov, Maxim"]
[Black "Kharitonov, Alexandr"]
[Result "1/2-1/2"]
[WhiteElo "2628"]
[BlackElo "2548"]
[PlyCount "45"]
[EventDate "2010.07.13"]
[EventType "swiss"]
[EventRounds "9"]
[EventCountry "GRE"]
[Source "lmi"]
[SourceDate "2010.07.13"]

1. e4 c6 2. d4 d5 3. e5 Bf5 4. Nd2 e6 5. Nb3 Nd7 6. Nf3 Ne7 7. Be2 Bg6 8. O-O
Nf5 9. Bd2 Be7 10. g4 Nh4 11. Nxh4 Bxh4 12. f4 f5 13. Bd3 Be7 14. c4 O-O 15. g5
dxc4 16. Bxc4 Bf7 17. Ba5 Nb6 18. Rc1 Qd7 19. Be2 Nd5 20. Qd3 b6 21. Bd2 a5 22.
a4 Rfc8 23. Qf3 1/2-1/2

[Event "2. Rethymno Open"]
[Site "Rethymno GRE"]
[Date "2010.07.17"]
[Round "6.4"]
[White "Orlov, Andrey"]
[Black "Sargissian, Gabriel"]
[Result "1/2-1/2"]
[WhiteElo "2502"]
[BlackElo "2673"]
[PlyCount "116"]
[EventDate "2010.07.13"]
[EventType "swiss"]
[EventRounds "9"]
[EventCountry "GRE"]
[Source "lmi"]
[SourceDate "2010.07.13"]

1. e4 e5 2. Nf3 Nc6 3. Bc4 Bc5 4. c3 Nf6 5. d3 O-O 6. O-O d5 7. exd5 Nxd5 8.
Re1 Bg4 9. Nbd2 Nb6 10. Bb5 f6 11. h3 Bh5 12. Ne4 Bd6 13. Ng3 Be8 14. Be3 Kh8
15. a3 Bd7 16. Rc1 Re8 17. Ne4 Be7 18. Nc5 Bxc5 19. Bxc5 Nb8 20. Bxd7 N8xd7 21.
Bxb6 Nxb6 22. Qe2 Qd7 23. Qe4 c5 24. b4 Na4 25. Re2 Rac8 26. Rec2 Re6 27. Qg4
Nb6 28. bxc5 Rxc5 29. d4 exd4 30. cxd4 Rxc2 31. Rxc2 Kg8 32. Rc7 Qxc7 33. Qxe6+
Kf8 34. Qe4 g6 35. h4 Qc1+ 36. Kh2 Qxa3 37. Qxb7 Qe7 38. Qc6 Kf7 39. Kh1 h5 40.
Qc1 Kg7 41. Qc6 Qd7 42. Qc5 Nd5 43. Nd2 Ne7 44. Nf1 Nf5 45. d5 Qe7 46. Qa5 Qb7
47. Ne3 Nxe3 48. fxe3 Qb1+ 49. Kh2 Qb6 50. Qd2 Kf7 51. e4 Ke7 52. Qh6 Qb8+ 53.
g3 Qb2+ 54. Kh3 Qa1 55. Qg7+ Kd8 56. Qf8+ Kd7 57. Qf7+ Kd8 58. Qf8+ Kd7 1/2-1/2